000 00312nam a2200133Ia 4500
005 20260328104318.0
008 260328s9999||||xx |||||||||||||| ||und||
100 _aMozas, Javier
245 0 _aForm & Data :
_b Collect| /
_cJavier Mozas
260 _bA+T
300 _a319 p.
650 _aSIGLO XXI
942 _cBK
999 _c11233
_d11233